Responses for Show #6946 - Monday, November 24, 2014

First game with new tiebreaker rule in place for regular play games.

Contestants

[<< previous game]

Doug Perez, a database developer from Monrovia, California

Courtney Jordan, a dancer from New York, New York

Jennifer Healy, a training system manager from Hilliard, Ohio (whose 1-day cash winnings total $17,001)

[next game >>]

Jeopardy! Round responses

REALITY SHOW TITLES
DRAFT PICKS
THAT'S A LOT OF KIDS!
STARTS & ENDS WITH L
LINCOLN
CONTINENTAL
    $200 5
Meerkat

Jennifer
    $200 15
Coors Light

Doug
    $200 20
(Doug: Who is Bach?)
(Alex: Be more specific.)

J.S. Bach (Johann Sebastian)

Doug
    $200 10
liberal

Courtney
    $200 1
Illinois

Jennifer
    $200 26
Europe

Doug
    $400 6
RV

Triple Stumper
    $400 16
Sam Adams

Doug
    $400 21
CĂ©line Dion

Courtney
    $400 11
lapel

Courtney
    $400 2
the train station

Triple Stumper
    $400 27
Asia

Doug
    $600 7
Extreme

Doug
    $600 17
Rolling Rock

Doug
    $600 22
the von Trapps

Courtney
    $600 12
lateral

Courtney
    $600 3
A & L

Triple Stumper
    $600 28
Africa

Courtney
    $800 8
Pregnant

Jennifer
    $800 18
Old Milwaukee

Doug
    $800 23
the Duggars

Jennifer
    $800 13
local

Doug
    $800 4
(Doug: What are principles?)

angels

CourtneyDoug
    $800 29
South America

Jennifer
    $1000 9
Sister Wives

Courtney
    $1000 19
Corona

Jennifer
    $2,000 24
Robert Kennedy

Jennifer
    $1000 14
lineal

Jennifer
    $1000 25
Gore Vidal

Jennifer
    $1000 30
Australia

Doug

Scores at the first commercial break (after clue 15):

Jennifer Courtney Doug
$2,200 $3,000 $800

Scores at the end of the Jeopardy! Round:

Jennifer Courtney Doug
$7,800 $4,600 $4,400

Double Jeopardy! Round responses

WELCOME TO THE JUNGLE BOOK
HEALTH & MEDICINE
THE MOVIE ROLE HE WAS BORN TO PLAY
BOSTON ACCENTS
SCULPTORS
"TAR" GET
    $400 21
Tarzan

Jennifer
    $400 1
(Doug: What are reflexes?)

muscles

JenniferDoug
    $400 6
John Malkovich

Doug
    $400 16
a fern

Courtney
    $400 26
Medusa

Courtney
    $400 11
tarnish

Courtney
    $800 22
Michael Crichton

Doug
    $800 2
hepatitis

Doug
    $800 7
Harold & Kumar

Courtney
    $800 17
Boston cream pie

Doug
    $800 27
(Jasper) Johns

Jennifer
    $800 12
tarnation

Jennifer
    $1200 23
Sheena, Queen of the Jungle

Triple Stumper
    $1200 3
(Doug: What are [*]s?)

gluten

Doug
    $1200 8
Jean-Claude Van Damme

Doug
    $1200 18
(Courtney: [Shakes head])

the Boston Common

CourtneyDoug
    $1200 28
Christo

Courtney
    $1200 13
tarantulas

Triple Stumper
    $1,000 24
The Mosquito Coast

Doug
    $1600 4
hypertension

Doug
    $1600 9
This is the End

Courtney
    $1600 19
Boston Market

Courtney
    $1600 29
Nicola Pisano

Triple Stumper
    $1600 14
[Alex gives two pronunciations for "Kiribati" when reading the clue.]

Tarawa

Triple Stumper
    $2000 25
The Lost World

Triple Stumper
    $2000 5
diabetes

Jennifer
    $2000 10
Bill Murray

Doug
    $2000 20
the Boston Terrier

Doug
    $2,000 30
(Courtney: Who is Borglum?)

Frederic Remington

Courtney
    $2000 15
a tarbush

Triple Stumper

Scores at the end of the Double Jeopardy! Round:

Jennifer Courtney Doug
$12,200 $7,800 $17,000

[wagering suggestions for these scores]

Final Jeopardy! Round responses

BRITISH MUSICMAKERS OF THE '90s
(Alex: No, if I said Ginger, Posh, Baby, Sporty and Scary, you would have come up with...?)
(Contestants: [*].)
CourtneyWho are Oaisis
$7,700
JenniferWho is Duran Duran
$7,000
DougWho is Bunny
$0
the Spice Girls

Final scores:

Jennifer Courtney Doug
$5,200 $100 $17,000
2nd place: $2,000 3rd place: $1,000 New champion: $17,000

Game dynamics:

Coryat scores:

Jennifer Courtney Doug
$11,200 $9,800 $17,600
14 R
(including 1 DD),
0 W
15 R,
2 W
(including 1 DD)
21 R
(including 1 DD),
2 W

Combined Coryat: $38,600

[game clues] [game scores] [suggest correction]

Game tape date: Unknown
The J! Archive is created by fans, for fans. Scraping, republication, monetization, and malicious use prohibited; this site may use cookies and collect identifying information. See terms. The Jeopardy! game show and all elements thereof, including but not limited to copyright and trademark thereto, are the property of Jeopardy Productions, Inc. and are protected under law. This website is not affiliated with, sponsored by, or operated by Jeopardy Productions, Inc. Join the discussion at JBoard.tv.